书目信息 |
| 题名: |
零售业的繁荣是和平的象征
|
|
| 作者: | 冈田卓也 著 | |
| 分册: | ||
| 出版信息: | 北京 中国发展出版社 2006.5 |
|
| 页数: | 171页 | |
| 开本: | 21cm | |
| 丛书名: | ||
| 单 册: | ||
| 中图分类: | F724.2 | |
| 科图分类: | ||
| 主题词: | 零售商业--经济合作--研究--中国、日本 | |
| 电子资源: | ||
| ISBN: | 7-80087-848-1 | |
| 000 | 01045nam0 2200301 450 | |
| 000 | 01008nam0 2200289 450 | |
| 000 | 00978nam0 2200289 450 | |
| 000 | 00924nam0 2200265 450 | |
| 000 | 00953nam0 2200253 450 | |
| 000 | 00916nam0 2200241 45 | |
| 001 | TS2006001207 | |
| 005 | 20061216170845.09 | |
| 010 | @a7-80087-848-1@dCNY20.00 | |
| 100 | @a20060706d2006 ekmy0chiy0121 ea | |
| 101 | 0 | @achi |
| 102 | @aCN@b110000 | |
| 105 | @ay z 000yy | |
| 200 | 1 | @a零售业的繁荣是和平的象征@ALing Shou Ye De Fan Rong Shi He Ping De Xiang Zheng@f(日)冈田卓也著@F( Ri) Gang Tian Zhuo Ye Zhu@g彭晋璋译 |
| 210 | @a北京@c中国发展出版社@d2006.5 | |
| 215 | @a171页@c照片、图表@d21cm | |
| 300 | @a日本最大连锁超市集团的创业史 | |
| 606 | 0 | @a零售商业@x经济合作@x研究@y中国、日本 |
| 690 | @aF724.2@v4 | |
| 701 | 0 | @c(日)@a冈田卓也@AGang Tian Zhuo Ye@4著 |
| 801 | 0 | @aCN@b中图数据@c20061216 |
| 905 | @a10447@dF724.2@e30 | |
| 零售业的繁荣是和平的象征/(日)冈田卓也著/彭晋璋译.-北京:中国发展出版社,2006.5 |
| 171页:照片、图表;21cm |
| 日本最大连锁超市集团的创业史 |
| ISBN 7-80087-848-1:CNY20.00 |
| ● |
| 相关链接 |
|
|
|
|
正题名:零售业的繁荣是和平的象征
索取号:F724.2/30
 
预约/预借
| 序号 | 登录号 | 条形码 | 馆藏地/架位号 | 状态 | 备注 |
| 1 | 0601030 | 206010305 | 第一样本阅览室/ [索取号:F724.2/30] | 在馆 | |
| 2 | 0601031 | 206010314 | 第一借阅区/ [索取号:F724.2/30] | 在馆 | |
| 3 | 0601032 | 206010323 | 第一借阅区/ [索取号:F724.2/30] | 在馆 | |
| 4 | 0601033 | 206010332 | 第一借阅区/ [索取号:F724.2/30] | 在馆 | |
| 5 | 0601034 | 206010341 | 第一借阅区/ [索取号:F724.2/30] | 在馆 | |
| 6 | 0601035 | 206010350 | 第一借阅区/ [索取号:F724.2/30] | 在馆 |